000 00251nam a2200097Ia 4500
008 240331s9999 xx 000 0 und d
082 _a303.6
_bINT
100 _aMarga institute
245 0 _aInter racial equity and national unity in Sri Lanka
942 _cL
999 _c1263
_d1263